<?xml version="1.0" encoding="UTF-8"?>
<record
    xmlns:xsi="http://www.w3.org/2001/XMLSchema-instance"
    xsi:schemaLocation="http://www.loc.gov/MARC21/slim http://www.loc.gov/standards/marcxml/schema/MARC21slim.xsd"
    xmlns="http://www.loc.gov/MARC21/slim">

  <leader>     nam a22     7a 4500</leader>
  <datafield tag="999" ind1=" " ind2=" ">
    <subfield code="c">30377</subfield>
    <subfield code="d">30377</subfield>
  </datafield>
  <controlfield tag="008">190520b        xxu||||| |||| 00| 0 eng d</controlfield>
  <datafield tag="040" ind1=" " ind2=" ">
    <subfield code="a">mksu</subfield>
  </datafield>
  <datafield tag="050" ind1=" " ind2=" ">
    <subfield code="a">PL 8704</subfield>
    <subfield code="b">.A2 1990</subfield>
  </datafield>
  <datafield tag="110" ind1=" " ind2=" ">
    <subfield code="a">Kenya Women Literature Group.</subfield>
  </datafield>
  <datafield tag="245" ind1=" " ind2=" ">
    <subfield code="a">The mother of girls and other stories /</subfield>
    <subfield code="c">Kenya Women Literature Group</subfield>
  </datafield>
  <datafield tag="260" ind1=" " ind2=" ">
    <subfield code="a">Nairobi,Kenya :</subfield>
    <subfield code="b">Kenya Women Literature Group,</subfield>
    <subfield code="c">1990.</subfield>
  </datafield>
  <datafield tag="300" ind1=" " ind2=" ">
    <subfield code="a">iv,55p. :</subfield>
    <subfield code="b">ill. ;</subfield>
    <subfield code="c">21cm.</subfield>
  </datafield>
  <datafield tag="650" ind1=" " ind2=" ">
    <subfield code="a">English language.</subfield>
  </datafield>
  <datafield tag="942" ind1=" " ind2=" ">
    <subfield code="2">lcc</subfield>
    <subfield code="c">AFRICANA</subfield>
    <subfield code="h">PL 8704 .A2 1990</subfield>
  </datafield>
  <datafield tag="952" ind1=" " ind2=" ">
    <subfield code="0">0</subfield>
    <subfield code="1">0</subfield>
    <subfield code="2">lcc</subfield>
    <subfield code="4">0</subfield>
    <subfield code="7">0</subfield>
    <subfield code="a">MUC</subfield>
    <subfield code="b">MUC</subfield>
    <subfield code="c">AFR</subfield>
    <subfield code="d">2019-05-20</subfield>
    <subfield code="e">Donation(Books parlour ltd)</subfield>
    <subfield code="l">0</subfield>
    <subfield code="o">PL 8704 .A2 1990</subfield>
    <subfield code="p">38845</subfield>
    <subfield code="r">2019-05-20</subfield>
    <subfield code="w">2019-05-20</subfield>
    <subfield code="y">AFRICANA</subfield>
  </datafield>
  <datafield tag="952" ind1=" " ind2=" ">
    <subfield code="0">0</subfield>
    <subfield code="1">0</subfield>
    <subfield code="2">lcc</subfield>
    <subfield code="4">0</subfield>
    <subfield code="7">0</subfield>
    <subfield code="a">MUC</subfield>
    <subfield code="b">MUC</subfield>
    <subfield code="c">AFR</subfield>
    <subfield code="d">2019-05-20</subfield>
    <subfield code="e">Donation(Books parlour ltd)</subfield>
    <subfield code="l">0</subfield>
    <subfield code="o">PL 8704 .A2 1990</subfield>
    <subfield code="p">38805</subfield>
    <subfield code="r">2019-05-31</subfield>
    <subfield code="w">2019-05-20</subfield>
    <subfield code="y">AFRICANA</subfield>
  </datafield>
</record>
